| 000 | 00904nam a2200277 i 4500 | ||
|---|---|---|---|
| 005 | 20260408165441.0 | ||
| 008 | 260331t20252025my jr o000 0dmay d | ||
| 020 |
_a9789834948498 _cRM11.00 _qpaperback |
||
| 040 |
_aPPAK _beng _cPPAK _erda |
||
| 041 | 0 |
_amay _achi |
|
| 082 | 0 | 4 |
_223 _a398.99923 |
| 090 | 0 | 0 |
_a398.99923 _bNGT _dK |
| 100 | 0 |
_aNg, Tzu Yaing, _d1985- _eauthor. |
|
| 245 | 1 | 0 |
_aPERIBAHASA BERTEMAKAN ALAM : _bBAHASA MELAYU - BAHASA CINA / _cNG TZU YAING |
| 264 | 1 |
_aKuala Lumpur : _bDewan Bahasa dan Pustaka, _c2025 |
|
| 264 | 4 | _c©2025 | |
| 300 |
_avii, 40 pages ; _c23 cm |
||
| 336 |
_atext _2rdacontent |
||
| 337 |
_aunmediated _2rdamedia |
||
| 338 |
_avolume _2rdacarrier |
||
| 546 | _aText parallel in Malay and Mandarin. | ||
| 650 | 1 | 0 | _aProverbs, Malay |
| 650 | 2 | 0 | _aProverbs, Chinese |
| 650 | 2 | 0 |
_aGovernment publications _zMalaysia |
| 942 |
_2ddc _cB |
||
| 999 |
_c203609 _d203609 |
||